Labour problems in Indian industry / (Record no. 125505)

MARC details
000 -LEADER
fixed length control field 00629nam a22002177a 4500
005 - DATE AND TIME OF LATEST TRANSACTION
control field 20170124105956.0
010 ## - LIBRARY OF CONGRESS CONTROL NUMBER
LC control number 697465
020 ## - INTERNATIONAL STANDARD BOOK NUMBER
Terms of availability 00.00
International Standard Book Number 0210336927
037 ## - SOURCE OF ACQUISITION
Source of stock number/acquisition Cen Lib/Ret
040 ## - CATALOGING SOURCE
Original cataloging agency DPL
Language of cataloging EN
082 ## - DEWEY DECIMAL CLASSIFICATION NUMBER
Classification number 331.0954
Item number GIR
100 ## - MAIN ENTRY--PERSONAL NAME
Personal name Giri, V. V.
9 (RLIN) 14576
245 ## - TITLE STATEMENT
Title Labour problems in Indian industry /
Statement of responsibility, etc by V. V. Giri
260 ## - PUBLICATION, DISTRIBUTION, ETC. (IMPRINT)
Place of publication, distribution, etc Bombay
Name of publisher, distributor, etc Asia Publishing House
Date of publication, distribution, etc 11972
270 ## - ADDRESS
Address P.S. Jaya Singhe
City Bombay
300 ## - PHYSICAL DESCRIPTION
Extent xx, 564p.
Dimensions 19cm(Hb)
500 ## - GENERAL NOTE
General note Includes index
650 ## - SUBJECT ADDED ENTRY--TOPICAL TERM
Topical term or geographic name as entry element Labor policy
9 (RLIN) 8652
650 ## - SUBJECT ADDED ENTRY--TOPICAL TERM
Topical term or geographic name as entry element Industrial relations
9 (RLIN) 80301
942 ## - ADDED ENTRY ELEMENTS (KOHA)
Source of classification or shelving scheme Dewey Decimal Classification
Koha item type English Books
Classification part 331.0954
Call number suffix GIR
Holdings
Withdrawn status Lost status Damaged status Not for loan Home library Current library Date acquired Source of acquisition Cost, normal purchase price Total Checkouts Full call number Barcode Date last seen Date checked out Copy number Cost, replacement price Price effective from Koha item type
        Central Library Central Library 22/06/2015 Cen Lib/Ret 0.00 1 331.0954 GIR 697465 25/09/2023 15/09/2023 1 0.00 22/06/2015 English Books

© Delhi Public Library
Hit Counter
free hit counter